Subdivision capitals closest to Mariehamn /Maarianhamina (AX/FI) - Statistics

General Stats
  • This quiz has been taken 9 times
  • The average score is 13 of 20
Answer Stats
Distance (km) Answer % Correct
17 277 Helsinki
100%
3 136 Stockholm
100%
12 279 Tallinn
100%
15 295 Tampere
100%
2 133 Turku
100%
16 267 Hämeenlinna
75%
19 309 Linköping
75%
13 281 Örebro
75%
5 184 Pori
75%
1 131 Uppsala
75%
14 289 Visby
75%
4 167 Gävle
50%
9 240 Haapsalu
50%
7 199 Kärdla
50%
11 251 Kuressaare
50%
18 299 Rapla
50%
6 197 Västerås
50%
10 244 Falun
25%
8 223 Nyköping
25%
20 315 Ventspiļs
0%
No matching quizzes found
Score Distribution
Percent of People with Each Score
Percentile by Number Answered
Your Score History
You have not taken this quiz